000 00795nas a2200277 4500
001 BR2014004815
003 BR-BrBNA
005 20231205124332.0
007 ta
008 230509b bl.|||p| |||| 00| 00por d
040 _aBR-BrBNA
_bpor
_cBiblioteca Nacional de Agricultura
041 _a(Pt)
072 _aH60
100 1 _aBianco, S.
100 1 _aCarvalho, L.B.
100 1 _aBianco, M.S.
245 1 _aCrescimento e nutrição mineral de Sida rhombifolia
650 _aGUANXUMA
650 _aERVA DANINHA
650 _aMATÉRIA SECA
650 _aABSORÇÃO DE NUTRIENTES
650 _aNUTRIÇÃO MINERAL
773 0 _tPlanta Daninha (Brazil)
_xISSN 0100-8358
_g(2014), v. 32(2) p. 311-317
_wBR2014004815
909 _a202311
_bLúcia
_c55
_dLúcia Elande
942 _2AGRIS
_n0
_cANA
999 _c238541
_d238541